BTS Songs by Bad Drawings #2 - Statistics

General Stats
  • This quiz has been taken 23 times
  • The average score is 14 of 20
Answer Stats
Picture Answer % Correct
Black Swan
94%
Butterfly
94%
Coffee
94%
Run
94%
Anpanman
88%
HOME
88%
Rain
88%
Zero O‘Clock
88%
Love Maze
82%
MIC Drop
82%
Converse High
76%
Silver Spoon
76%
Magic Shop
71%
FAKE LOVE
59%
Hooligan
59%
Save Me
59%
Louder than bombs
47%
House of Cards
35%
Into the Sun
35%
Hold Me Tight
29%
No matching quizzes found
Score Distribution
Percent of People with Each Score
Percentile by Number Answered
Your Score History
You have not taken this quiz